Santiago Calatrava: conversaciones con estudiantes

Kaydedildi:
Detaylı Bibliyografya
Asıl Yazarlar: Lewis Kausel, Cecilia (Yazar), Pendleton-Jullian, Ann (Yazar)
Materyal Türü: Kitap
Dil:İspanyolca
Baskı/Yayın Bilgisi: Barcelona Gustavo Gili 2003
Konular:
Etiketler: Etiketle
Etiket eklenmemiş, İlk siz ekleyin!

MARC

LEADER 00000nam a2200000 a 4500
001 UCK2294
003 CL-VaPUC
008 041229e20030000SP |||||||||||||||||spa|d
020 |a 8425215102 
082 0 4 |a 720.946  |b LEW  |2 21 
100 0 |a Lewis Kausel, Cecilia  |e author  |9 490119 
700 0 |a Pendleton-Jullian, Ann  |e author  |9 490120 
245 1 0 |a Santiago Calatrava: conversaciones con estudiantes 
300 |a 111 p 
942 |c BK 
945 |d 20041229 00:00:00  |a cmena 
260 |a Barcelona  |b Gustavo Gili  |c 2003 
500 |a Conferencias en el MIT 
600 0 7 |a CALATRAVA VALLS, SANTIAGO  |2 CL-VaPUC  |9 266748 
650 0 |a Arquitectos españoles  |9 350193 
650 0 |a Arquitectura  |y Siglo 20  |9 266208 
650 0 |a Filosofía del arte  |9 264951 
583 |a last modification  |c 20041229 00:00:00  |k Rodrigo Vera 
999 |c 311878  |d 311876 
952 |0 0  |1 0  |4 0  |6 720_946000000000000_LEW_2003  |7 0  |8 A  |9 381572  |a BIBARQ  |b BIBARQ  |d 2019-11-21  |i 4086147  |o 720.946 LEW 2003  |p 4086147  |r 2024-01-16  |w 2019-11-21  |y BK  |k ARQ